[Event "Razuvaev Memorial 2020"]
[Site "Moscow"]
[Date "2020.11.06"]
[Round "5.1"]
[White "Potkin, Vladimir"]
[Black "Kramnik, Vladimir"]
[Result "0-1"]
[WhiteElo "2443"]
[BlackElo "2797"]
[Annotator "TA"]
[PlyCount "76"]
[EventDate "2020.11.06"]
[EventCountry "RUS"]
[SourceTitle "playchess.com"]
[Source "ChessBase"]
[SourceQuality "1"]

{[%evp 9,76,19,20,0,-4,0,16,19,26,20,10,6,31,37,50,44,77,46,102,72,172,37,41,24,72,11,20,0,0,0,15,0,0,0,0,0,0,-23,-23,-30,-28,-83,-68,-304,-135,-452,-423,-423,-423,-423,-423,-423,-423,-458,-458,-593,-534,-542,-531,-535,-537,-505,-281,-288,-279,-283,-260,-260,-131]} 1. c4 e6 2. Nc3 Bb4 3. Qb3 Ba5 4. Nf3 Nf6 5. d4 b6 6. Bg5 {A13: English Opening: 1...e6.} Bb7 7. e3 h6 8. Bh4 {[#] The position is equal.} g5 $146 ({Predecessor:} 8... d6 9. Bd3 Nbd7 10. O-O-O Rc8 11. Kb1 Bxc3 12. Qxc3 c5 13. d5 O-O 14. e4 b5 {0-1 (50) Bocharov,D (2569)-Jakovenko,D (2596) playchess.com INT 2004}) 9. Bg3 Ne4 10. Nd2 Nxd2 (10... Bxc3 $5 11. bxc3 Nxg3 12. hxg3 f5 $11) 11. Kxd2 Nc6 12. Rd1 d6 13. Kc1 Ne7 (13... Bxc3 $14 14. Qxc3 Qf6) 14. f3 Qd7 {[#]} (14... Bxc3 $16 {might work better.} 15. Qxc3 Qd7) 15. e4 (15. Ne4 $1 $18 {[%cal Re4f6]} Kf8 16. Kb1) 15... O-O-O $14 16. Kb1 f5 {White should prevent ...Bxc3.} 17. exf5 (17. c5 $16) 17... Nxf5 $11 18. Bf2 Bxc3 19. Qxc3 h5 20. Bd3 Rdf8 21. Rhe1 g4 22. Be4 gxf3 23. Bxb7+ Kxb7 24. Qxf3+ d5 25. cxd5 (25. Qe2 $11) 25... exd5 {...Nh6 is the strong threat.} 26. Re5 $2 {[#]} ({Better is} 26. Qd3 $15) 26... Nxd4 (26... Nh6 $1 $19 {is more deadly.} 27. Qe2 Ng4 {[%mdl 64] Double Attack}) 27. Qe3 $2 {[%mdl 8192] This move loses the game for White.} (27. Qxd5+ $17 Qxd5 28. Rxd5 Rxf2 29. R1xd4) 27... Qh7+ 28. Qd3 Rxf2 29. Qxh7 Rxh7 30. Rxd4 Rxg2 31. Rdxd5 Rxh2 $19 {[%mdl 4096] Endgame KRR-KRR} 32. a4 c6 33. Rd6 h4 34. Ree6 Rg2 35. Rxc6 {If White can now play Rh6 this consolidates a bit.} h3 36. Rh6 {Black has a decisive advantage.} Rgg7 {Hoping for ...h2.} 37. Rcg6 Rc7 {Strongly threatening ...h2.} 38. Rc6 {intending Rxc7+.} Kb8 {Av CentiPawn Loss W=-32/B=-30. Weighted=-41/-31} ({Black should play} 38... Rcf7 $19 39. Rcf6 Rd7) 0-1

[Event "Razuvaev Memorial 2020"]
[Site "Moscow"]
[Date "2020.11.06"]
[Round "5.2"]
[White "Tomashevsky, Evgeny"]
[Black "Nepomniachtchi, Ian"]
[Result "1-0"]
[WhiteElo "2681"]
[BlackElo "2785"]
[Annotator "ChessBase"]
[PlyCount "52"]
[EventDate "2020.11.06"]
[EventCountry "RUS"]
[SourceTitle "playchess.com"]
[Source "ChessBase"]
[SourceQuality "1"]
[TimeControl "300+3"]

1. Nf3 {[%emt 0:00:01]} d5 {[%emt 0:00:03]} 2. e3 {[%emt 0:00:03]} Nf6 {[%emt 0:00:05]} 3. c4 {[%emt 0:00:02]} e6 {[%emt 0:00:02]} 4. Nc3 {[%emt 0:00:05]} a6 {[%emt 0:00:01]} 5. b3 {[%emt 0:00:05]} Bd6 {[%emt 0:00:02]} 6. Bb2 {[%emt 0:00:07]} O-O {[%emt 0:00:01]} 7. g3 {[%emt 0:00:13]} c6 {[%emt 0:00:15]} 8. d4 {[%emt 0:00:41]} Nbd7 {[%emt 0:00:09]} 9. Bg2 {[%emt 0:00:05]} Ne4 {[%emt 0:00:18]} 10. O-O {[%emt 0:00:05]} f5 {[%emt 0:00:02]} 11. Ne2 {[%emt 0:00:02]} g5 {[%emt 0:00:03]} 12. Ne5 {[%emt 0:00:06]} Qe8 {[%emt 0:00:59]} 13. f3 {[%emt 0:00:42]} Nef6 {[%emt 0:00:03]} 14. Nc1 {[%emt 0:00:05]} g4 {[%emt 0:00:40]} 15. Ncd3 {[%emt 0:00:12]} gxf3 {[%emt 0:00:02]} 16. Bxf3 {[%emt 0:00:02]} Ne4 {[%emt 0:00:03]} 17. Bxe4 {[%emt 0:00:28]} dxe4 {[%emt 0:00:17]} 18. Nf4 {[%emt 0:00:08]} Nf6 {[%emt 0:00:05]} 19. Kh1 {[%emt 0:00:06]} b5 {[%emt 0:00:30]} 20. Rg1 {[%emt 0:00:14]} Bxe5 {[%emt 0:00:35]} 21. dxe5 {[%emt 0:00:02]} Ng4 {[%emt 0:00:00]} 22. Qe2 {[%emt 0:00:07]} Ra7 {[%emt 0:00:05]} 23. h3 {[%emt 0:00:10]} Nh6 {[%emt 0:00:01]} 24. Ba3 {[%emt 0:00:09]} Rff7 {[%emt 0:00:06]} 25. Qh5 {[%emt 0:00:03]} b4 {[%emt 0:00:50]} 26. Bxb4 {[%emt 0:00:10]} Qd8 {[%emt 0:00:16]} 1-0

[Event "Razuvaev Memorial 2020"]
[Site "Moscow"]
[Date "2020.11.06"]
[Round "5.3"]
[White "Kobalia, Mikhail"]
[Black "Lautier, Joel"]
[Result "1/2-1/2"]
[WhiteElo "2569"]
[BlackElo "2658"]
[Annotator "ChessBase"]
[PlyCount "110"]
[EventDate "2020.11.06"]
[EventCountry "RUS"]
[SourceTitle "playchess.com"]
[Source "ChessBase"]
[SourceQuality "1"]
[TimeControl "300+3"]

1. e4 {[%emt 0:00:01]} c5 {[%emt 0:00:02]} 2. Nf3 {[%emt 0:00:02]} Nc6 {[%emt 0:00:01]} 3. Bb5 {[%emt 0:00:02]} e6 {[%emt 0:00:03]} 4. O-O {[%emt 0:00:02]} Nge7 {[%emt 0:00:02]} 5. d4 {[%emt 0:00:01]} cxd4 {[%emt 0:00:02]} 6. Nxd4 {[%emt 0:00:01]} Ng6 {[%emt 0:00:03]} 7. Be2 {[%emt 0:00:03]} Qc7 {[%emt 0:00:05]} 8. c4 {[%emt 0:00:05]} a6 {[%emt 0:00:02]} 9. Nxc6 {[%emt 0:00:34]} dxc6 {[%emt 0:00:07]} 10. f4 {[%emt 0:00:04]} Bc5+ {[%emt 0:00:07]} 11. Kh1 {[%emt 0:00:02]} O-O {[%emt 0:00:23]} 12. e5 {[%emt 0:00:04]} f6 {[%emt 0:00:08]} 13. exf6 {[%emt 0:00:09]} gxf6 {[%emt 0:00:31]} 14. Nd2 {[%emt 0:00:31]} f5 {[%emt 0:00:15]} 15. Qe1 {[%emt 0:00:02]} Bd6 {[%emt 0:00:10]} 16. g3 {[%emt 0:00:17]} Bd7 {[%emt 0:00:11]} 17. b3 {[%emt 0:00:54]} Rae8 {[%emt 0:00:10]} 18. Bb2 {[%emt 0:00:19]} e5 {[%emt 0:00:08]} 19. fxe5 {[%emt 0:00:15]} Bxe5 {[%emt 0:00:02]} 20. Bxe5 {[%emt 0:00:07]} Qxe5 {[%emt 0:00:34]} 21. Bf3 {[%emt 0:00:08]} Qg7 {[%emt 0:00:13]} 22. Qf2 {[%emt 0:00:10]} f4 {[%emt 0:00:02]} 23. Rae1 {[%emt 0:00:12]} Ne5 {[%emt 0:00:17]} 24. Qg2 {[%emt 0:00:30]} fxg3 {[%emt 0:00:48]} 25. Qxg3 {[%emt 0:00:09]} Qxg3 {[%emt 0:00:12]} 26. hxg3 {[%emt 0:00:00]} Nxf3 {[%emt 0:00:05]} 27. Rxe8 {[%emt 0:00:02]} Rxe8 {[%emt 0:00:06]} 28. Nxf3 {[%emt 0:00:11]} Re2 {[%emt 0:00:03]} 29. Re1 {[%emt 0:00:04]} Rxa2 {[%emt 0:00:17]} 30. Re7 {[%emt 0:00:02]} Bf5 {[%emt 0:00:01]} 31. Nd4 {[%emt 0:00:06]} Bg6 {[%emt 0:00:07]} 32. Rxb7 {[%emt 0:00:03]} Be4+ {[%emt 0:00:14]} 33. Kg1 {[%emt 0:00:04]} Rg2+ {[%emt 0:00:04]} 34. Kf1 {[%emt 0:00:02]} Rxg3 {[%emt 0:00:01]} 35. Re7 {[%emt 0:00:06]} Rg4 {[%emt 0:00:03]} 36. Kf2 {[%emt 0:00:14]} h5 {[%emt 0:00:04]} 37. Nf3 {[%emt 0:00:25]} Rf4 {[%emt 0:00:05]} 38. Ke3 {[%emt 0:00:01]} Rxf3+ {[%emt 0:00:05]} 39. Kxe4 {[%emt 0:00:01]} Rxb3 {[%emt 0:00:02]} 40. Rc7 {[%emt 0:00:09]} h4 {[%emt 0:00:25]} 41. Rxc6 {[%emt 0:00:01]} a5 {[%emt 0:00:01]} 42. c5 {[%emt 0:00:18]} h3 {[%emt 0:00:06]} 43. Rh6 {[%emt 0:00:03]} Kg7 {[%emt 0:00:04]} 44. Rh5 {[%emt 0:00:01]} Kf6 {[%emt 0:00:04]} 45. c6 {[%emt 0:00:03]} Ke6 {[%emt 0:00:02]} 46. Rh6+ {[%emt 0:00:03]} Ke7 {[%emt 0:00:01]} 47. Kd5 {[%emt 0:00:01]} Rb5+ {[%emt 0:00:12]} 48. Kc4 {[%emt 0:00:02]} Rb4+ {[%emt 0:00:03]} 49. Kc5 {[%emt 0:00:05]} Rb3 {[%emt 0:00:05]} 50. Rh7+ {[%emt 0:00:06]} Kd8 {[%emt 0:00:04]} 51. Rh8+ {[%emt 0:00:05]} Kc7 {[%emt 0:00:02]} 52. Rh7+ {[%emt 0:00:01]} Kc8 {[%emt 0:00:01]} 53. Rh8+ {[%emt 0:00:01]} Kc7 {[%emt 0:00:01]} 54. Rh7+ {[%emt 0:00:00]} Kc8 {[%emt 0:00:01]} 55. Rh8+ {[%emt 0:00:01]} Kc7 {[%emt 0:00:00]} 1/2-1/2

[Event "Razuvaev Memorial 2020"]
[Site "Moscow"]
[Date "2020.11.06"]
[Round "5.4"]
[White "Gelfand, Boris"]
[Black "Motylev, Alexander"]
[Result "1-0"]
[WhiteElo "2693"]
[BlackElo "2618"]
[Annotator "ChessBase"]
[PlyCount "57"]
[EventDate "2020.11.06"]
[EventCountry "RUS"]
[SourceTitle "playchess.com"]
[Source "ChessBase"]
[SourceQuality "1"]
[TimeControl "300+3"]

1. d4 {[%emt 0:00:01]} Nf6 {[%emt 0:00:02]} 2. c4 {[%emt 0:00:02]} e6 {[%emt 0:00:01]} 3. Nf3 {[%emt 0:00:01]} d5 {[%emt 0:00:04]} 4. g3 {[%emt 0:00:00]} Bb4+ {[%emt 0:00:01]} 5. Bd2 {[%emt 0:00:02]} Be7 {[%emt 0:00:01]} 6. Bg2 {[%emt 0:00:02]} O-O {[%emt 0:00:01]} 7. Qc2 {[%emt 0:00:01]} Nbd7 {[%emt 0:00:02]} 8. Nc3 {[%emt 0:00:02]} dxc4 {[%emt 0:00:10]} 9. Rd1 {[%emt 0:00:12]} c6 {[%emt 0:00:19]} 10. h4 {[%emt 0:00:05]} b5 {[%emt 0:00:12]} 11. Ne5 {[%emt 0:00:01]} Nxe5 {[%emt 0:00:07]} 12. dxe5 {[%emt 0:00:02]} Nd5 {[%emt 0:00:01]} 13. Ne4 {[%emt 0:00:01]} f5 {[%emt 0:00:49]} 14. exf6 {[%emt 0:00:01]} gxf6 {[%emt 0:00:05]} 15. b3 {[%emt 0:00:19]} cxb3 {[%emt 0:00:03]} 16. axb3 {[%emt 0:00:04]} Qb6 {[%emt 0:00:13]} 17. O-O {[%emt 0:00:16]} e5 {[%emt 0:00:15]} 18. Rc1 {[%emt 0:00:43]} Bg4 {[%emt 0:00:03]} 19. Bh6 {[%emt 0:00:21]} Nb4 {[%emt 0:00:49]} 20. Bxf8 {[%emt 0:00:30]} Nxc2 {[%emt 0:00:12]} 21. Bxe7 {[%emt 0:00:02]} Nd4 {[%emt 0:00:03]} 22. Nxf6+ {[%emt 0:00:16]} Kf7 {[%emt 0:00:01]} 23. Bc5 {[%emt 0:00:13]} Nxe2+ {[%emt 0:00:02]} 24. Kh2 {[%emt 0:00:02]} Qc7 {[%emt 0:00:17]} 25. Nxg4 {[%emt 0:00:07]} Nxc1 {[%emt 0:00:01]} 26. Rxc1 {[%emt 0:00:03]} a5 {[%emt 0:00:06]} 27. Be3 {[%emt 0:00:31]} Ra6 {[%emt 0:02:00]} 28. Bxc6 {[%emt 0:00:11]} Kg7 {[%emt 0:00:17]} 29. Bh6+ {[%emt 0:00:30]} 1-0

[Event "Razuvaev Memorial 2020"]
[Site "Moscow"]
[Date "2020.11.06"]
[Round "6.1"]
[White "Kramnik, Vladimir"]
[Black "Motylev, Alexander"]
[Result "1/2-1/2"]
[WhiteElo "2797"]
[BlackElo "2618"]
[Annotator "ChessBase"]
[PlyCount "96"]
[EventDate "2020.11.06"]
[EventCountry "RUS"]
[SourceTitle "playchess.com"]
[Source "ChessBase"]
[SourceQuality "1"]
[TimeControl "300+3"]

1. Nf3 {[%emt 0:00:03]} d5 {[%emt 0:00:04]} 2. g3 {[%emt 0:00:02]} g6 {[%emt 0:00:10]} 3. Bg2 {[%emt 0:00:01]} Bg7 {[%emt 0:00:01]} 4. d4 {[%emt 0:00:01]} Nf6 {[%emt 0:00:02]} 5. O-O {[%emt 0:00:01]} O-O {[%emt 0:00:03]} 6. c3 {[%emt 0:00:02]} a5 {[%emt 0:00:01]} 7. Bf4 {[%emt 0:00:06]} Bf5 {[%emt 0:00:22]} 8. Nbd2 {[%emt 0:00:16]} c6 {[%emt 0:00:14]} 9. Nh4 {[%emt 0:00:21]} Be6 {[%emt 0:00:11]} 10. e4 {[%emt 0:00:04]} Nxe4 {[%emt 0:00:25]} 11. Nxe4 {[%emt 0:00:01]} dxe4 {[%emt 0:00:01]} 12. Bxe4 {[%emt 0:00:02]} Bd5 {[%emt 0:00:06]} 13. Qe2 {[%emt 0:00:15]} e6 {[%emt 0:00:06]} 14. Nf3 {[%emt 0:00:05]} Bxe4 {[%emt 0:00:24]} 15. Qxe4 {[%emt 0:00:02]} a4 {[%emt 0:00:04]} 16. Qe2 {[%emt 0:00:21]} Nd7 {[%emt 0:00:09]} 17. Rad1 {[%emt 0:00:03]} Re8 {[%emt 0:00:06]} 18. h4 {[%emt 0:00:06]} Qa5 {[%emt 0:00:17]} 19. Rfe1 {[%emt 0:00:10]} Rad8 {[%emt 0:00:42]} 20. c4 {[%emt 0:00:09]} h6 {[%emt 0:00:07]} 21. Qe3 {[%emt 0:00:23]} Kh7 {[%emt 0:00:03]} 22. Kg2 {[%emt 0:00:05]} Qf5 {[%emt 0:00:09]} 23. Bc7 {[%emt 0:00:05]} Ra8 {[%emt 0:00:03]} 24. Ne5 {[%emt 0:00:09]} Nxe5 {[%emt 0:01:03]} 25. dxe5 {[%emt 0:00:02]} Qc2 {[%emt 0:00:07]} 26. Rd7 {[%emt 0:00:39]} Qxc4 {[%emt 0:00:08]} 27. Qf3 {[%emt 0:00:22]} Qxa2 {[%emt 0:00:18]} 28. h5 {[%emt 0:00:06]} gxh5 {[%emt 0:00:06]} 29. Qxf7 {[%emt 0:00:40]} Rg8 {[%emt 0:00:03]} 30. Qxh5 {[%emt 0:00:07]} Qc4 {[%emt 0:00:23]} 31. Bd6 {[%emt 0:00:45]} b5 {[%emt 0:00:03]} 32. Be7 {[%emt 0:00:11]} Qc2 {[%emt 0:00:06]} 33. Bf6 {[%emt 0:00:11]} Qf5 {[%emt 0:00:09]} 34. Qxf5+ {[%emt 0:00:13]} exf5 {[%emt 0:00:01]} 35. Red1 {[%emt 0:00:02]} b4 {[%emt 0:00:15]} 36. e6 {[%emt 0:00:17]} Kg6 {[%emt 0:00:03]} 37. Bxg7 {[%emt 0:00:04]} Rxg7 {[%emt 0:00:01]} 38. e7 {[%emt 0:00:01]} Re8 {[%emt 0:00:02]} 39. Re1 {[%emt 0:00:05]} a3 {[%emt 0:00:04]} 40. bxa3 {[%emt 0:00:03]} bxa3 {[%emt 0:00:01]} 41. Ra7 {[%emt 0:00:05]} Kf7 {[%emt 0:00:02]} 42. Re2 {[%emt 0:00:09]} a2 {[%emt 0:00:02]} 43. Re5 {[%emt 0:00:06]} Kf6 {[%emt 0:00:03]} 44. Rc5 {[%emt 0:00:01]} Rgxe7 {[%emt 0:00:03]} 45. Rxc6+ {[%emt 0:00:01]} Re6 {[%emt 0:00:01]} 46. Rxe6+ {[%emt 0:00:02]} Rxe6 {[%emt 0:00:01]} 47. Rxa2 {[%emt 0:00:01]} Kg6 {[%emt 0:00:02]} 48. Rc2 {[%emt 0:00:02]} Rb6 {[%emt 0:00:05]} 1/2-1/2

[Event "Razuvaev Memorial 2020"]
[Site "Moscow"]
[Date "2020.11.06"]
[Round "6.2"]
[White "Lautier, Joel"]
[Black "Gelfand, Boris"]
[Result "1/2-1/2"]
[WhiteElo "2658"]
[BlackElo "2693"]
[Annotator "TA"]
[PlyCount "125"]
[EventDate "2020.11.06"]
[EventCountry "RUS"]
[SourceTitle "playchess.com"]
[Source "ChessBase"]
[SourceQuality "1"]

{[%evp 22,125,28,14,19,0,-6,-18,-24,-43,-43,-81,-35,-19,0,-27,-38,-30,-2,-23,0,-7,-8,-15,0,0,0,0,0,0,0,0,0,-28,0,0,0,0,16,17,84,81,84,84,658,618,596,565,532,514,776,791,793,766,843,850,821,750,674,627,843,791,1002,999,910,647,7495,7495,7495,7345,6308,5202,2002,1972,1841,1404,1321,8,8,8,8,8,8,8,8,8,8,8,8,8,8,8,8,8,8,8,8,8,8,8,8,8,8,8,8,8]} 1. d4 {Krasenkow,M} Nf6 2. c4 e6 3. Nf3 d5 4. Nc3 c6 5. Bg5 h6 6. Bxf6 Qxf6 7. e3 g6 8. Rc1 Nd7 9. Bd3 Bg7 10. O-O O-O 11. e4 dxc4 12. Bxc4 c5 {[%cal Rc5d4] [#] D43: Semi-Slav: 5 Bg5 h6.} 13. dxc5 $146 ({Predecessor:} 13. d5 Nb6 14. b3 exd5 15. Nxd5 Qd8 16. h3 Nxc4 17. bxc4 Re8 18. Re1 Bd7 19. Qd2 Rc8 20. Qf4 {½-½ (50) Anand,V (2810)-Giri,A (2686) Wijk aan Zee 2011 CBM 141 [Krasenkow,M]}) 13... Nxc5 14. b4 Nd7 15. Qe2 Qe7 16. b5 Nc5 17. e5 Bd7 18. Ne4 Nxe4 19. Qxe4 Rab8 20. h4 Rfc8 21. Bd3 Be8 22. Qe3 Qa3 23. h5 Rxc1 24. Rxc1 Rd8 25. Be2 Qxe3 26. fxe3 g5 27. Rc7 Rb8 (27... g4 $5 {[%cal Rg4f3]} 28. Nd4 Rb8 $15) 28. g4 Bf8 29. Nd4 Bb4 30. Bf3 Ba5 (30... a6 $11) 31. Rxb7 $16 Rxb7 32. Bxb7 {[%mdl 4096] Endgame KBB-KBN} Bc7 $2 {[%mdl 8192]} (32... Bd7 $16) 33. Bc6 $18 Kf8 34. Bxe8 Kxe8 {KB-KN} 35. Nc6 Bb6 (35... Kd7 $142 36. Nxa7 Bxe5) 36. Kf2 Kd7 37. Kf3 Kc7 38. Ke4 Bc5 39. a4 a6 40. Kd3 axb5 41. axb5 Kd7 42. e4 Bg1 43. Kc4 Bh2 44. Kb4 Kc7 45. Ka5 Bg3 46. Ka6 Bh2 47. Na5 Bxe5 48. Nc4 Bd4 {[#]} 49. b6+ $2 (49. e5 $1 $18 {Black must now prevent b6+.} Bg1 50. b6+ Bxb6 51. Nxb6) 49... Bxb6 $1 $11 {The position is equal.} 50. Nxb6 f5 $1 {[%cal Rf5g4]} 51. exf5 exf5 52. gxf5 {KN-KPP} g4 $1 53. Nc4 {[#] Hoping for f6.} g3 {Threatens to win with ...g2.} 54. Ne3 (54. f6 {seems wilder.} Kd7 55. Ne5+ Ke8 56. Kb7 g2 57. Nf3) 54... Kd6 55. Kb5 Ke5 56. Kc4 g2 57. Nxg2 {White threatens Ne3 and mate.} Kxf5 {KN-KP} 58. Kd3 Kg5 59. Ke4 Kxh5 60. Kf4 Kg6 61. Kg4 h5+ 62. Kh4 Kf6 63. Kxh5 {Black escapes into a draw. Av CentiPawn Loss W=-66/B=41. Weighted=-58/62} 1/2-1/2

[Event "Razuvaev Memorial 2020"]
[Site "Moscow"]
[Date "2020.11.06"]
[Round "6.3"]
[White "Nepomniachtchi, Ian"]
[Black "Kobalia, Mikhail"]
[Result "1-0"]
[WhiteElo "2785"]
[BlackElo "2569"]
[Annotator "TA"]
[PlyCount "69"]
[EventDate "2020.11.06"]
[EventCountry "RUS"]
[SourceTitle "playchess.com"]
[Source "ChessBase"]
[SourceQuality "1"]

{[%evp 9,69,2,8,8,7,12,25,22,20,16,20,-293,-294,-272,-279,-238,-221,-221,-122,-173,-169,-178,-170,-177,-179,-172,-184,-176,-112,-114,-123,-145,-133,-212,-177,-190,-141,-235,-87,-399,-403,-391,-392,-378,-128,-229,-14,-29,0,0,306,306,297,306,352,333,1310,1301,1269,1222,29991,29992]} 1. b3 e5 2. Bb2 Nc6 3. Nf3 e4 4. Nd4 Nxd4 5. Bxd4 Ne7 6. e3 {A01: Nimzowitsch-Larsen Opening.} d5 7. d3 Nf5 8. Bb2 {White has an edge.} Bb4+ 9. c3 Bd6 {[#]} 10. Nd2 $146 {[%mdl 8192] [#]} (10. dxe4 $11 {and White stays safe.} dxe4 11. g3) ({Predecessor:} 10. dxe4 dxe4 11. Qc2 O-O 12. Nd2 Nxe3 13. fxe3 Qh4+ 14. Kd1 Bf5 15. g3 Bxg3 16. Bg2 {0-1 (121) Grafl,F (2369)-Jones,G (2659) England 2018}) 10... Nxe3 $1 $19 {[%mdl 512]} 11. fxe3 {Strongly threatening Qh5.} Qh4+ {[%mdl 64] Double Attack} 12. Ke2 Bg4+ 13. Nf3 Qh5 ({But not} 13... exf3+ 14. gxf3 Bh5 15. c4 $17) ({Black should try} 13... Bh5 $19 14. Kd2 exf3 15. gxf3 O-O) 14. Kf2 (14. Kd2 $17) 14... exf3 15. gxf3 Qh4+ $1 16. Ke2 {[#]} Bh5 $1 17. Qe1 Qf6 18. Qf2 O-O-O (18... O-O $19 19. Bh3 Rae8) 19. Bh3+ Kb8 20. Bg4 Bg6 21. Kd2 (21. f4 $17) 21... c5 22. Rad1 Rhe8 {And now ...c4! would win.} 23. Rhe1 {[#]} (23. f4 $17) 23... d4 (23... c4 $1 $19 {[%mdl 512] and Black stays clearly on top.} 24. bxc4 dxc4) 24. Kc2 $2 {[%mdl 8192]} (24. e4 $17 {is more resistant.}) 24... dxe3 25. Rxe3 Rxe3 26. Qxe3 Bxh2 $2 (26... Qh4 $19 27. c4 h5 28. Bxg7 hxg4 29. fxg4 Bxh2) 27. c4 (27. Bc1 $17) 27... Qf4 $2 (27... Qd6 $19 {White must now prevent ...Bf4.} 28. Bc1 f5) 28. Qxc5 $11 f5 29. Re1 $40 {[%mdl 128] Threatens to win with Be5+. White is up to no good.} fxg4 $4 {[%mdl 8192]} (29... b6 $11 {and Black is okay.} 30. Qe7 {[%mdl 64] Double Attack} Re8 31. Qxe8+ Bxe8) 30. Be5+ $18 Qxe5 31. Rxe5 Bxd3+ 32. Kc3 gxf3 $2 {[#]} (32... Bxe5+ 33. Qxe5+ {[%mdl 64] Double Attack} Kc8 34. fxg4 Rd7) 33. Rd5 $1 {[%cal Rd5d8]} Rc8 34. Qf2 {[%mdl 64] Double Attack} Be4 35. Qxh2+ {Av CentiPawn Loss W=-34/B=-110. Weighted=-59/-98} 1-0

[Event "Razuvaev Memorial 2020"]
[Site "Moscow"]
[Date "2020.11.06"]
[Round "6.4"]
[White "Potkin, Vladimir"]
[Black "Tomashevsky, Evgeny"]
[Result "0-1"]
[WhiteElo "2443"]
[BlackElo "2681"]
[Annotator "ChessBase"]
[PlyCount "134"]
[EventDate "2020.11.06"]
[EventCountry "RUS"]
[SourceTitle "playchess.com"]
[Source "ChessBase"]
[SourceQuality "1"]
[TimeControl "300+3"]

1. Nf3 {[%emt 0:00:03]} Nf6 {[%emt 0:00:03]} 2. c4 {[%emt 0:00:01]} b6 {[%emt 0:00:02]} 3. Nc3 {[%emt 0:00:05]} Bb7 {[%emt 0:00:03]} 4. g3 {[%emt 0:00:13]} e6 {[%emt 0:00:18]} 5. Bg2 {[%emt 0:00:02]} Be7 {[%emt 0:00:01]} 6. O-O {[%emt 0:00:01]} O-O {[%emt 0:00:01]} 7. d4 {[%emt 0:00:09]} Ne4 {[%emt 0:00:01]} 8. Bd2 {[%emt 0:00:08]} d6 {[%emt 0:00:30]} 9. Qc2 {[%emt 0:00:10]} Nxd2 {[%emt 0:00:03]} 10. Nxd2 {[%emt 0:00:36]} c6 {[%emt 0:00:12]} 11. e3 {[%emt 0:00:06]} Nd7 {[%emt 0:00:08]} 12. b4 {[%emt 0:00:02]} Nf6 {[%emt 0:00:30]} 13. a4 {[%emt 0:00:10]} d5 {[%emt 0:00:44]} 14. Rab1 {[%emt 0:00:08]} Qd7 {[%emt 0:00:32]} 15. Rfc1 {[%emt 0:00:02]} Rfb8 {[%emt 0:00:23]} 16. c5 {[%emt 0:00:18]} bxc5 {[%emt 0:00:07]} 17. bxc5 {[%emt 0:00:00]} Ba6 {[%emt 0:00:07]} 18. Nf3 {[%emt 0:00:51]} Qc7 {[%emt 0:00:09]} 19. Na2 {[%emt 0:00:11]} Bc4 {[%emt 0:00:09]} 20. Nb4 {[%emt 0:00:12]} a5 {[%emt 0:00:42]} 21. Nxc6 {[%emt 0:00:12]} Qxc6 {[%emt 0:00:04]} 22. Ne5 {[%emt 0:00:01]} Qc8 {[%emt 0:00:04]} 23. Nxc4 {[%emt 0:00:03]} dxc4 {[%emt 0:00:02]} 24. Bxa8 {[%emt 0:00:01]} Rxa8 {[%emt 0:00:01]} 25. Qxc4 {[%emt 0:00:00]} Nd5 {[%emt 0:00:11]} 26. e4 {[%emt 0:00:19]} Nb4 {[%emt 0:00:04]} 27. d5 {[%emt 0:00:00]} exd5 {[%emt 0:00:23]} 28. exd5 {[%emt 0:00:00]} Bf6 {[%emt 0:00:03]} 29. Rb3 {[%emt 0:01:05]} h5 {[%emt 0:00:03]} 30. h4 {[%emt 0:00:11]} Qd8 {[%emt 0:00:19]} 31. d6 {[%emt 0:00:04]} Rc8 {[%emt 0:00:01]} 32. Qb5 {[%emt 0:00:14]} Rb8 {[%emt 0:00:01]} 33. Qc4 {[%emt 0:00:14]} Rc8 {[%emt 0:00:02]} 34. Rd1 {[%emt 0:00:11]} g6 {[%emt 0:00:13]} 35. Re3 {[%emt 0:00:07]} Qd7 {[%emt 0:00:08]} 36. Qb5 {[%emt 0:00:02]} Qxb5 {[%emt 0:00:06]} 37. axb5 {[%emt 0:00:02]} Rxc5 {[%emt 0:00:01]} 38. d7 {[%emt 0:00:01]} Rxb5 {[%emt 0:00:01]} 39. Rd6 {[%emt 0:00:09]} Rb7 {[%emt 0:00:02]} 40. d8=Q+ {[%emt 0:00:09]} Bxd8 {[%emt 0:00:02]} 41. Rxd8+ {[%emt 0:00:01]} Kg7 {[%emt 0:00:00]} 42. Ra8 {[%emt 0:00:00]} Rb5 {[%emt 0:00:06]} 43. Ra7 {[%emt 0:00:08]} Nc6 {[%emt 0:00:07]} 44. Rc7 {[%emt 0:00:02]} Ne5 {[%emt 0:00:03]} 45. Kg2 {[%emt 0:00:05]} Rd5 {[%emt 0:00:07]} 46. Ra7 {[%emt 0:00:02]} Nc6 {[%emt 0:00:03]} 47. Ra6 {[%emt 0:00:02]} Ne5 {[%emt 0:00:05]} 48. Re4 {[%emt 0:00:10]} Ng4 {[%emt 0:00:06]} 49. Rf4 {[%emt 0:00:02]} Rb5 {[%emt 0:00:06]} 50. Ra7 {[%emt 0:00:02]} Nh6 {[%emt 0:00:01]} 51. Ra4 {[%emt 0:00:02]} Rb1 {[%emt 0:00:01]} 52. R7xa5 {[%emt 0:00:01]} Ng4 {[%emt 0:00:03]} 53. Ra2 {[%emt 0:00:02]} Rb6 {[%emt 0:00:02]} 54. Ra6 {[%emt 0:00:02]} Rb5 {[%emt 0:00:01]} 55. Ra7 {[%emt 0:00:01]} Rf5 {[%emt 0:00:02]} 56. Re2 {[%emt 0:00:01]} Rf6 {[%emt 0:00:02]} 57. Ra3 {[%emt 0:00:05]} Nh6 {[%emt 0:00:04]} 58. Rf3 {[%emt 0:00:02]} Nf5 {[%emt 0:00:02]} 59. Re5 {[%emt 0:00:08]} Ra6 {[%emt 0:00:02]} 60. Rf4 {[%emt 0:00:03]} Ra2 {[%emt 0:00:03]} 61. Ree4 {[%emt 0:00:06]} Rb2 {[%emt 0:00:03]} 62. Rb4 {[%emt 0:00:02]} Ra2 {[%emt 0:00:01]} 63. Rfe4 {[%emt 0:00:02]} Rc2 {[%emt 0:00:03]} 64. Ra4 {[%emt 0:00:02]} Rb2 {[%emt 0:00:02]} 65. Ra7 {[%emt 0:00:03]} Rc2 {[%emt 0:00:02]} 66. Rd7 {[%emt 0:00:05]} Ra2 {[%emt 0:00:02]} 67. Rc4 {[%emt 0:00:06]} Ne3+ {[%emt 0:00:02]} 0-1